000 00662nam a2200205Ia 4500
003 GCL
008 140319s9999 xx 000 0 ara d
040 _aGCL /
_cGCL
082 0 4 _a922.46
_bم ا
100 1 _aمحمد عزيز نظمى سالم
245 1 0 _aابراهيم بن سيار النظام والفكر النقدى فى الاسلام /
_cمحمد عزيز نظمى سالم
260 _a[S.N] :
_bمؤسسة شباب الجامعة ،
_c1983
300 _a98 ص
490 _a
650 0 4 _aالاسلام
650 0 4 _aالفلاسفة المسلمون
650 0 4 _aالمعتزلة
650 0 4 _aعلم الكلام
942 _2ddc
_cBK
999 _c31642
_d31642